1904 1270 1541 1811 1886 1545 1450 1736 1469 1018 1383 1535 1694 1667 1888 1397 1794 1433 1598 1072 1606 1853 1116 1486 1037 1224 1351 1908 1709 1415 1722 1388 1480 1850 1064 1562 1539 1727 1003 1241 1718 1462 1224 1113 1946 1530 1341 1182 1738 1901 1955 1472 1878 1149 1412 1923 1856 1197 1755 1013 1840 1367 1460 1003 1581 2000 1366 1029 1670 1125 1569 1211 1433 1505 1720 1889 1062 1742 1805 1721 1648 1922 1192 1258 1128 1945 1431 1122 1564 1052 1146 1845 1195 1732 1331 1386 1172 1994 1257 BCNSPRNW ULIB Ver.6.0+V

เปลี่ยนเป็นภาษาไทย

Change to English
 แสดงรายละเอียดบรรณานุกรม
  กลับหน้าหลัก

Brief Record : Get Marc (ISO 2709) : E-mail record : QR code < ปิดหน้าต่าง
LEADER : 00000nam 2200000uu 4500
001    13399126047
003     ULIB
008    180511s2559||||th 000 0 tha d
020    ^a9786162798634
060 04 ^aWS100^bส845ต^cล.2
245 00 ^aตำรากุมารเวชศาสตร์ศิริราช เล่ม 2 :^bประเด็นสำคัญในเวชปฏิบัติ /^cบรรณาธิการ, สุรชัยลิขสิทธิ์วัฒนกุล, วิฐารณ บุญสิทธิ, วาณี วิสุทธิ์เสรีวงศ์, รัตนาวลัย นิติยารมน์, อัจฉรา สัมบุณณานนท์
250    ^aพิมพ์ครั้งที่ 1
260    ^aกรุงเทพฯ :^bภาควิชากุมารเวชศาสตร์ คณะแพทยศาสตร์ศิริราชพยาบาลมหาวิทยาลันมหิดล,^c2559
300    ^a2 เล่ม :^bภาพประกอบ ;^c26 ซม.
505 0  ^a-- เล่ม 2 ... Edema ( อาการบวมนํ้า) ... Emotional problems ( ปัญหาทางอารมย์) ... Failure to thrive (ภาวะเลิ้ยงไม่โต) ... Febrile Illness acute ( ภาวะไข้เฉียบพลัน) ... Fever with Rash (ไข้ออกผื่น) ... Floppy Child (ภาวะกล้ามเนื้ออ่อนปวกเปืยก) ... Headache (ปวดศีรษะ) ... Hematuria (ปัสสาวะมีเลือดปน) ... Hypertension (ความดันเลือดสูง) ... Joint pain (อาการปวดข้อ) ... Learning problem (ปัญหาการเรียน) ... Lymphadenopathy (ต่อมนํ้าเหลื่องโต) ... Murmur (เสียงฟู่) ... Noisy breathing in Children (การหายใจเสียงดังผิดปกติในเด็ก) ... Palptation (ใจสั่น) ... Poisoninge (การเกิดพิษ) ... Precocious Puberty (ภาวะเริ่มเจริญพันธุ์ก่อนวัย) ... Proteinuria (โปรตีนในปัสสาวะ) ... Rash: General Principle in Diagnosis (ผื่นผิวหนัง หลักการในการวินิจฉัย) ... Recurrent Respiratory Infections (การติดเชื้อกลับเป็นซํ้าระบบทางเดินหายใจ) ...Rhinitis (จมูกอักเสบ) ... Seizure and Epilepsy (อาการชักและโรคลมชัก) ... Short Stature and Tall Stature ( ภาวะตัวเตี้ยและภาวะตัวสูง) ... Speech Delay (พัฒนาการทางภาษาล่าช้า) ... Syncope (ภาวะเป็นลม) ... Urination Problems (ปัญหาในการถ่ายปัสาวะ) ... Vaginal Bleeding (เลือดออกทางช่องคลอด) ... Vaginal Discharge (ตกขาว) ... Vomiting (อาเจียน) ... Wheezing (การหายใจเสียงหวีด) ... Antibiotics Use in Common Infections (ยาปฏิชีวนะสำหรับโรคติดเชื้อที่พบบ่อยในเด็ก) ... Principle of Topical Dermatologic Therapy (หลักการใช้ยาทาทางผิวหนัง)
650  4 ^aกุมารเวชศาสตร์
650  4 ^aเด็ก^xโรค
650  4 ^aโรค^xในวัยทารกและวัยเด็ก
700 0  ^aสุรชัย ลิขสิทธิ์วัฒนกุล,^eบรรณาธิการ
700 0  ^aวิฐารณ บุญสิทธิ,^eบรรณาธิการ
700 0  ^aวาณี วิสุทธิ์เสรีวงศ์,^eบรรณาธิการ
700 0  ^aรัตนาวลัย นิติยารมน์,^eบรรณาธิการ
700 0  ^aอัจฉรา สัมบุณณานนท์,^eบรรณาธิการ
710 2  ^aมหาวิทยาลัยมหิดล.^bคณะแพทยศาสตร์ศิริราชพยาบาล.^bภาควิชากุมารเวชศาสตร์
856    ^a^zTable of Contents (Content)^uhttp://118.174.31.60:80/ULIB//_fulltext/Content/129195/20160916091723_2840.pdf
945    ^p0^l0^i25847
945    ^p0^l0^i25848
945    ^p0^l0^i25849
945    ^p0^l0^i25850
945    ^p0^l0^i25851
999    ^aกัณชพร
รายการนี้ยังไม่มีแท็ก
คุณยังไม่ได้ล็อกอิน คุณสามารถมีกิจกรรมร่วมกับเว็บไซต์ได้ แต่ต้องล็อกอินก่อน ::
  ล็อกอิน

รายการสื่อสารสนเทศ

ลำดับที่ ประเภท เลขเรียก/บาร์โค้ด สถานที่ สถานะ
1. หนังสือสำรอง
หนังสือสำรอง
WS100 ส845ต ล.2 ฉ.1 
  Barcode: 25847
ห้องสมุดวิทยาเขตสวรรค์ประชารักษ์
►หนังสือทั่วไป
บนชั้น
2. วิทยาศาสตร์การแพทย์ และสุขภาพ
วิทยาศาสตร์การแพทย์ และสุขภาพ
WS100 ส845ต ล.2 ฉ.2 
  Barcode: 25848
ห้องสมุดวิทยาเขตสวรรค์ประชารักษ์
►หนังสือทั่วไป
บนชั้น
3. วิทยาศาสตร์การแพทย์ และสุขภาพ
วิทยาศาสตร์การแพทย์ และสุขภาพ
WS100 ส845ต ล.2 ฉ.3 
  Barcode: 25849
ห้องสมุดวิทยาเขตสวรรค์ประชารักษ์
►หนังสือทั่วไป
บนชั้น
4. วิทยาศาสตร์การแพทย์ และสุขภาพ
วิทยาศาสตร์การแพทย์ และสุขภาพ
WS100 ส845ต ล.2 ฉ.4 
  Barcode: 25850
ห้องสมุดวิทยาเขตสวรรค์ประชารักษ์
►หนังสือทั่วไป
บนชั้น
5. วิทยาศาสตร์การแพทย์ และสุขภาพ
วิทยาศาสตร์การแพทย์ และสุขภาพ
WS100 ส845ต ล.2 ฉ.5 
  Barcode: 25851
ห้องสมุดวิทยาเขตสวรรค์ประชารักษ์
►หนังสือทั่วไป
บนชั้น

รายการใกล้เคียง
    หัวเรื่อง [กุมารเวชศาสตร์]
    หัวเรื่อง [โรค ในวัยทารกและวัยเด็ก]

BibComment


ยังไม่เคยถูกคอมเมนท์

คอมเมนท์ทรัพยากรรายการนี้
  คอมเมนท์: ตำรากุมารเวชศาสต..


 Copyright 2026. Bcnsprnw @Library